000 00283nam a22001337a 4500
003 SGT
082 _a346.022,GOY
100 _aGOYAL,B.K.
245 _aLAW OF CONTRACT
260 _aNEW DELHI
_bSINGHAL PUBLICATIONS
_c1994
300 _aV.P.
650 _a CONTRACT
942 _2ddc
_cBK
999 _c10883
_d10883